| 000 | 00522nam a22001937a 4500 | ||
|---|---|---|---|
| 003 | OSt | ||
| 005 | 20160831142046.0 | ||
| 008 | 160831b xxu||||| |||| 00| 0 eng d | ||
| 020 | _a0471036005 | ||
| 040 | _cDDC. | ||
| 082 | _a004.36GAR 2002. | ||
| 100 |
_aGarg,K.Vijay; _910961 |
||
| 245 | _aElements of Distributed Computing; | ||
| 260 |
_aNew York. _bWiley. _c2002. |
||
| 300 |
_axv,423p; _bill; _c25cm. |
||
| 504 | _aincludes bibliography and index. | ||
| 650 |
_aDistributed computing. _910962 |
||
| 942 |
_2ddc _cO_SHELF |
||
| 999 |
_c5121 _d5121 |
||